| 000 | 00394nam a22001697a 4500 | ||
|---|---|---|---|
| 003 | NUST | ||
| 020 | _a8176498637 | ||
| 038 | _akhadija | ||
| 082 |
_a621.4021 _bMCQ |
||
| 100 |
_aMcquarrie, Donald A. _961641 |
||
| 245 | _aMolecular Thermodynamics | ||
| 260 |
_aNew Delhi : _bViva Books, _c2004. |
||
| 300 |
_a656 p : , _b24 cm. |
||
| 500 | _aPaperback. | ||
| 563 | _aPB | ||
| 942 |
_cBK _2ddc |
||
| 999 |
_c33591 _d33591 |
||